000 00575nam a22001937a 4500
999 _c3819
_d3819
003 AR-CdUCM
008 190307b ||||| |||| 00| 0 spa d
040 _aMUNICIPALIDAD PROVINCIAL DEL CUSCO
_cBIBLIOTECA MUNICIPAL DEL CUSCO
082 _a869.1 /
_bG62
100 _aGómez R. ,Marte
_912300
245 _aPancho Villa /
260 _aMéxica :
_bLecturas Méxicanas ,
_c1972.
300 _a85 páginas ;
_c21 cm.
650 _aPancho Villa
_912301
650 _aLiteratura Méxicana
_99769
650 _aRevolucion Méxicana
_912302
942 _2ddc
_cLIBROS
945 _artm